Sports Quiz

Random Sports or Hockey Quiz

Detroit's Swedish Five Quiz Stats

 Plays Quiz not verified by Sporcle

Also try: Big 4 Teams by Mug
Challenge
Share
Tweet
Embed
Score 0/5 Timer 01:00
0 Plays Today
% Correct
Nicklas Lidstrom
97%
Henrick Zetterberg
86.7%
Thomas Holmstrom
78.3%
Niklas Kronwall
69.3%
Mikael Samuelsson
41%

You're not logged in!

Compare scores with friends on all Sporcle quizzes.
OR
Log In

You Might Also Like...

Show Comments

Extras

Top Quizzes Today


Score Distribution

Your Account Isn't Verified!

In order to create a playlist on Sporcle, you need to verify the email address you used during registration. Go to your Sporcle Settings to finish the process.

Report this User

Report this user for behavior that violates our Community Guidelines.

Details: